Mine Planning and Equipment Selection Proceedings of the 22nd MPES Conference, Dresden, Germany, 14th – 19th October 2013 /

This edited volume includes all papers presented at the 22nd International Conference on Mine Planning and Equipment Selection (MPES), Dresden, Germany, 2013. Mineral Resources are needed for almost all processes of modern life, whilst the mining industry is facing strict requirements regarding effi...

Full description

Bibliographic Details
Corporate Author: SpringerLink (Online service)
Other Authors: Drebenstedt, Carsten (Editor), Singhal, Raj (Editor)
Format: Electronic eBook
Language:English
Published: Cham : Springer International Publishing : Imprint: Springer, 2014.
Subjects:
Online Access:Full Text via HEAL-Link
LEADER 02272nam a22005055i 4500
001 978-3-319-02678-7
003 DE-He213
005 20151204160853.0
007 cr nn 008mamaa
008 131015s2014 gw | s |||| 0|eng d
020 |a 9783319026787  |9 978-3-319-02678-7 
024 7 |a 10.1007/978-3-319-02678-7  |2 doi 
040 |d GrThAP 
050 4 |a TA213-215 
072 7 |a TGBN  |2 bicssc 
072 7 |a TEC046000  |2 bisacsh 
082 0 4 |a 621.8  |2 23 
245 1 0 |a Mine Planning and Equipment Selection  |h [electronic resource] :  |b Proceedings of the 22nd MPES Conference, Dresden, Germany, 14th – 19th October 2013 /  |c edited by Carsten Drebenstedt, Raj Singhal. 
264 1 |a Cham :  |b Springer International Publishing :  |b Imprint: Springer,  |c 2014. 
300 |a XXVII, 1517 p. 788 illus., 586 illus. in color.  |b online resource. 
336 |a text  |b txt  |2 rdacontent 
337 |a computer  |b c  |2 rdamedia 
338 |a online resource  |b cr  |2 rdacarrier 
347 |a text file  |b PDF  |2 rda 
520 |a This edited volume includes all papers presented at the 22nd International Conference on Mine Planning and Equipment Selection (MPES), Dresden, Germany, 2013. Mineral Resources are needed for almost all processes of modern life, whilst the mining industry is facing strict requirements regarding efficiency and sustainability. The research papers in this volume deal with the latest developments and research results in the fields of mining, machinery, automatization and environment protection. 
650 0 |a Engineering. 
650 0 |a Mineral resources. 
650 0 |a Machinery. 
650 0 |a Manufacturing industries. 
650 0 |a Machines. 
650 0 |a Tools. 
650 0 |a Pollution prevention. 
650 1 4 |a Engineering. 
650 2 4 |a Machinery and Machine Elements. 
650 2 4 |a Mineral Resources. 
650 2 4 |a Manufacturing, Machines, Tools. 
650 2 4 |a Industrial Pollution Prevention. 
700 1 |a Drebenstedt, Carsten.  |e editor. 
700 1 |a Singhal, Raj.  |e editor. 
710 2 |a SpringerLink (Online service) 
773 0 |t Springer eBooks 
776 0 8 |i Printed edition:  |z 9783319026770 
856 4 0 |u http://dx.doi.org/10.1007/978-3-319-02678-7  |z Full Text via HEAL-Link 
912 |a ZDB-2-ENG 
950 |a Engineering (Springer-11647)